000 00260nam a22001217a 4500
999 _c12908
_d12908
020 _a9781473675988
082 _a658.40
100 _aSchmidt, Eric
245 _aTrillion Dollar Coach
260 _aUK
_bJohn Murray
_c2020
300 _a218 pages.
942 _cBK